000
00209 a2200097 4500
001
9033
100
_a
Canning, J
245
_a
One act plays of today 3rd series
260
_a
_b
Harrap
_c
090
_c
7217
_d
7217
942
_a
NUST-CAE
_c
M
_c
33842
999
_c
244106
_d
244106